000 00549nam a2200181Ia 4500
001 57844
008 140814n2014 ii |||gr||||Z||||||465
082 _a510
100 _aKumar, Romesh,
_eAuthors.,
245 0 _aPradeep`s Mathematics :
_bWith Value Basrd Questions, Vol-Ii, Class-XI /
_cRomesh Kumar .
_hTextual Documents
250 _a26th Rev. Ed.
260 _aPunjab
_bPradeep Publications
_c2014
300 _billust.;
_c27cm.
653 _aMathematics
653 _aG-Mathematics
653 _aMathematics-Higher Secondary
942 _2ddc
_cBK
999 _c57748
_d57748